|
|
|
|
| LEADER |
02155nam a2200349 4500 |
| 001 |
ocn795820786 |
| 003 |
OCoLC |
| 005 |
20180501122000.0 |
| 006 |
m o d |
| 007 |
cr cnu---unuuu |
| 008 |
120619s2003 xx o 001 0 eng d |
| 040 |
|
|
|a OPELS
|b eng
|e pn
|c OPELS
|d OCLCQ
|d OCLCF
|d UIU
|d OCLCQ
|d DEBBG
|d GrThAP
|
| 020 |
|
|
|a 0120066882
|
| 020 |
|
|
|a 9780120066889
|
| 035 |
|
|
|a (OCoLC)795820786
|
| 050 |
|
4 |
|a RC267
|b .A38 v.88
|
| 082 |
0 |
4 |
|a 616.99/4
|2 23
|
| 049 |
|
|
|a TEFA
|
| 245 |
0 |
0 |
|a Advances in cancer research.
|n Volume 88 /
|c edited by George F. Vande Woude and George Klein.
|
| 260 |
|
|
|a [Place of publication not identified] :
|b Academic Press,
|c 2003.
|
| 300 |
|
|
|a 1 online resource
|
| 336 |
|
|
|a text
|b txt
|2 rdacontent
|
| 337 |
|
|
|a computer
|b c
|2 rdamedia
|
| 338 |
|
|
|a online resource
|b cr
|2 rdacarrier
|
| 520 |
|
|
|a The Advances in Cancer Research series provides invaluable information on the exciting and fast-moving field of cancer research. This volume presents outstanding and original reviews on a variety of topics, including HAMLET and tumor cells; survivin and apoptosis control; retroviral insertional mutagenesis; aberrant ubiquitin-mediated proteolysis of cell cycle regulatory proteins and oncogenesis; and epigenetic variability and the evolution of human cancer. The Advances in Cancer Research series provides invaluable information on the exciting and fast-moving field of cancer research. This volume presents outstanding and original reviews on a variety of topics, including HAMLET and tumor cells; survivin and apoptosis control; retroviral insertional mutagenesis; aberrant ubiquitin-mediated proteolysis of cell cycle regulatory proteins and oncogenesis; and epigenetic variability and the evolution of human cancer.
|
| 588 |
0 |
|
|a Online resource; Title from publisher's Web site (ScienceDirect, viewed on June 19, 2012).
|
| 650 |
|
0 |
|a Cancer
|x Research.
|
| 650 |
|
7 |
|a Cancer
|x Research.
|2 fast
|0 (OCoLC)fst00845497
|
| 655 |
|
4 |
|a Electronic books.
|
| 700 |
1 |
|
|a Vande Woude, George F.
|
| 700 |
1 |
|
|a Klein, George.
|
| 856 |
4 |
0 |
|u https://www.sciencedirect.com/science/bookseries/0065230X/88
|z Full Text via HEAL-Link
|